|
|
|
|
| LEADER |
01844nam a2200469 a 4500 |
| 001 |
000555097 |
| 003 |
CZ BrMZK |
| 005 |
20070426103943.0 |
| 007 |
ta |
| 008 |
000115s2001 xr e p cze d |
| 015 |
|
|
|a cnb000995089
|
| 020 |
|
|
|a 80-214-1829-X
|
| 035 |
|
|
|a (OCoLC)47951208
|
| 040 |
|
|
|a BOA001
|b cze
|
| 072 |
|
7 |
|a 51
|x Matematika
|2 Konspekt
|9 13
|
| 072 |
|
7 |
|a 37.016
|x Učební osnovy. Vyučovací předměty. Učebnice
|2 Konspekt
|9 22
|
| 080 |
|
|
|a 512.64
|2 MRF
|
| 080 |
|
|
|a 514
|2 MRF
|
| 080 |
|
|
|a 517.5
|2 MRF
|
| 080 |
|
|
|a 517.3
|2 MRF
|
| 080 |
|
|
|a (075.8)
|2 MRF
|
| 100 |
1 |
|
|a Mezník, Ivan,
|d 1942-
|7 jn20010309139
|
| 245 |
1 |
0 |
|a Matematika II /
|c Ivan Mezník
|
| 250 |
|
|
|a Vyd. 6. dopl.
|
| 260 |
|
|
|a Brno :
|b Z. Novotný,
|c 2001
|
| 300 |
|
|
|a 109 s. :
|b il. ;
|c 29 cm
|
| 490 |
1 |
|
|a Učební texty vysokých škol
|
| 500 |
|
|
|a Vydavatel: Vysoké učení technické v Brně, Fakulta podnikatelská
|
| 500 |
|
|
|a Bibliogr.
|
| 650 |
0 |
7 |
|a lineární algebra
|7 ph122353
|2 czenas
|
| 650 |
0 |
7 |
|a geometrie
|7 ph114624
|2 czenas
|
| 650 |
0 |
7 |
|a funkce více proměnných
|7 ph120397
|2 czenas
|
| 650 |
0 |
7 |
|a integrální počet
|7 ph121134
|2 czenas
|
| 655 |
|
7 |
|a učebnice vysokých škol
|7 fd133772
|2 czenas
|
| 710 |
2 |
|
|a Vysoké učení technické v Brně.
|b Podnikatelská fakulta
|7 kn20010709420
|
| 830 |
|
0 |
|a Učební texty vysokých škol
|
| 910 |
|
|
|a BOA001
|b 4-1083.650
|
| 990 |
|
|
|a BK
|
| 996 |
6 |
|
|b 2610131499
|c 4-1083.650
|l MZK
|r Sklad / do 1 hodiny
|n 0
|p p.v.
|w 000555097
|u 000010
|a 1
|e BOA001
|j MZK50
|s P
|
| 996 |
7 |
|
|b 2610136040
|c 4-1083.650
|l MZK
|r Sklad / do 1 hodiny
|n 13
|p kup
|w 000555097
|u 000020
|a 1
|e BOA001
|j MZK50
|s A
|
| 996 |
7 |
|
|b 2610136530
|c 4-1083.650
|l MZK
|r Sklad / do 1 hodiny
|n 16
|p kup
|w 000555097
|u 000030
|a 1
|e BOA001
|j MZK50
|s A
|
| 996 |
7 |
|
|b 2610136531
|c 4-1083.650
|l MZK
|r Sklad / do 1 hodiny
|n 10
|p kup
|w 000555097
|u 000040
|a 1
|e BOA001
|j MZK50
|s A
|